00462nam a2200181 a 4500001001300000003000900013005001700022008004100039020000800080082001500088100002700103245002000130260003400150500003500184505001400219650002000233700002700253nice12345678IN_TiNIC20260116011540.0050524s1907 egya grm 000 0 03g  ac000a297.2bEIJ aEiji, Izuddin A Rahman aKitabul Muwaqif aEgyptbMutbata as Sadaac1907 aincludes index and biblioraphy2 areference aIslam-Doctrines1 aEiji, Izuddin A Rahman